Characterization of secondary phase precipitation in 17Cr-10Mn-3Mo-0.5N austenitic steel

Gespeichert in:
Bibliographische Detailangaben
1. Verfasser: Borsuk, Dušan, 1985- (Verfasst von)
Weitere Verfasser: Janovec, Jozef, 1956- (Betreuung Doktorarbeit)
Format: Manuskript Buch
Sprache:Englisch
Veröffentlicht: STU v Bratislave MTF UMAT, 2010
Schlagworte:
Online-Zugang:VAIS
Tags: Tag hinzufügen
Keine Tags, Fügen Sie das erste Tag hinzu!

MARC

LEADER 00000ntm a22000003a 4500
001 stu206228
005 20160719160205.4
008 100702s2010------------------------eng-d
040 |a STU  |b slo 
041 0 |a eng 
100 1 |a Borsuk, Dušan,  |d 1985-  |4 aut  |X 33098  |7 A000033098 
242 0 0 |a Charakteristika sekundárnych fáz precipitácie v 17Cr-10Mn-3Mo-0.5N austenitickej oceli  |y slo 
245 1 |a Characterization of secondary phase precipitation in 17Cr-10Mn-3Mo-0.5N austenitic steel 
260 |b STU v Bratislave MTF UMAT,  |c 2010 
650 7 |a nehrdzavejúca oceľ  |2 stusub 
650 7 |a precipitácia  |2 stusub 
650 7 |a precipitation  |2 estusub 
700 1 |a Janovec, Jozef,  |d 1956-  |4 ths  |u M1000  |U MTF Materiálovotechnologická fakulta  |T MTF Ústav materiálov  |X 2799  |U M1000  |Y 81  |7 A000002799 
856 4 |a info a plný text  |u http://is.stuba.sk/zp/portal_zp.pl?podrobnosti=75373  |3 VAIS 
996 |c M*DP-9093  |l MMSKP  |s P  |a 0  |w stu206228_0001